000
00316nam a2200133Ia 4500
005
20251222144753.0
008
251222s9999||||xx |||||||||||||| ||spa||
020
_a
978-84-9788-214-9
082
_a
025.84/C28P
100
_a
Carreras Monfort, César
245
0
_a
Patrimonio digital:
264
_b
UOC
942
_c
LIB
999
_c
19416
_d
19416